Verdaguer i les terres lleidatanes / per Josep M. Razquín, Sots-director de la Biblioteca de Catalunya
Publicado:
San Jorge, núm. 100 (abril 1977), pàg 21 - 33 :
MARC
| LEADER | 00000nam a2200000Ia 4500 | ||
|---|---|---|---|
| 001 | |||
| 008 | 160829s9999 xx 000 0 cat d | ||
| 100 | |a Razquin Jené, Josep Maria |9 41702 | ||
| 245 | |a Verdaguer i les terres lleidatanes / per Josep M. Razquín, Sots-director de la Biblioteca de Catalunya | ||
| 260 | |a San Jorge, núm. 100 (abril 1977), pàg 21 - 33 | ||
| 650 | |a Verdaguer, Jacint |x Amics i companys |9 45149 | ||
| 650 | |a Lleida |x En la literatura |9 45150 | ||
| 901 | |a Arxiu | ||
| 942 | |n 1 | ||
| 952 | |0 0 |1 0 |4 0 |7 1 |9 52397 |a Arxiu |b Arxiu |d 2016-12-01 |l 0 |r 2016-12-01 00:00:00 |w 2016-12-01 |y ARXIU | ||
| 999 | |c 56245 |d 56245 | ||